00747 2200253 4500001002100000005001700021008004100038035002400079090001500103100002000118245010600138250001100244260002700255300002500282500005700307650003000364700001900394850001600413980001500429985000600444986001300450999001500463999001500478YOGYA-0209000002165720090227023549.0 ind  0010-020900000021657 a658bSta O aSTARREVELD, R.W aOrganisasi administrasibPerusahaan Jasa, asuransi dan bankcR.W. Starreveld ; diolah Tb. Hasanudidin aCet. 2 aBandungbTarsitoc1979 a237 hlmbilusc21 cm aJudul asli : Leer Van de administratieve organisatie aAdministrasi - Organisasi aHasanuddin, Tb aYOPDYOG (B) a30-08-2006 a2 aAtirtrev aP000017655 a93P0038577